00189 a2200109 4500001000700000020000600007040001100013100001900024240001600043245001100059362000900070161708 a  cMagnum aLapate, Vagner10aDrogaslpor10aDrogas0 a1899